Инновационные кластеры цифровой экономики: драйверы развития (Запись № 11760180)

Подробности
000 -МАРКЕР
контрольное поле 03409nam0a2200421 4500
001 - ИДЕНТИФИКАТОР ЗАПИСИ
контрольное поле RU\NLR\BIBL_A\011777840
005 - ИДЕНТИФИКАТОР ВЕРСИИ
контрольное поле 20250724170748.0
010 ## - МЕЖДУНАРОДНЫЙ СТАНДАРТНЫЙ НОМЕР КНИГИ (ISBN)
Номер (ISBN) 978-5-7422-6235-0
Тираж 100
021 ## - НОМЕР ГОСУДАРСТВЕННОЙ РЕГИСТРАЦИИ
Код страны Российская Федерация
Номер КН-П-18-053820
Номер Листа государственной регистраци КН-П-18-3878
035 ## - ДРУГИЕ СИСТЕМНЫЕ НОМЕРА
Идентификатор записи (NLR Aleph) 011777840
035 ## - ДРУГИЕ СИСТЕМНЫЕ НОМЕРА
Идентификатор записи (RuMoRGB)009697298
100 ## - ДАННЫЕ ОБЩЕЙ ОБРАБОТКИ
Данные общей обработки 20180827d2018 k y0rusy50 ca
101 0# - ЯЗЫК РЕСУРСА
Язык текста, звукозаписи и т.д. русский
-- английский
Язык резюме английский
102 ## - СТРАНА ПУБЛИКАЦИИ ИЛИ ПРОИЗВОДСТВА
Страна публикации Российская Федерация
105 ## - ПОЛЕ КОДИРОВАННЫХ ДАННЫХ: ТЕКСТОВЫЕ МАТЕРИАЛЫ, МОНОГРАФИЧЕСКИЕ
Кодированные данные о монографическом текстовом документе |||z|||100zy
200 1# - ЗАГЛАВИЕ И СВЕДЕНИЯ ОБ ОТВЕТСТВЕННОСТИ
Основное заглавие Инновационные кластеры цифровой экономики: драйверы развития
Сведения, относящиеся к заглавию труды [IX] научно-практической конференции с международным участием, [17-21 мая 2018 г.]
Первые сведения об ответственности Министерство образования и науки Российской Федерации, Санкт-Петербургский политехнический университет Петра Великого, Высшая инженерно-экономическая школа, Таджикский технический университет имени М.С. Осими, НИИ регионального развития Республики Казахстан [и др.
Последующие сведения об ответственности под ред. д.э.н., проф. А.В. Бабкина]
210 ## - ПУБЛИКАЦИЯ, РАСПРОСТРАНЕНИЕ И ДР.
Место издания, распространения и т.д. Санкт-Петербург
Имя издателя, распространителя и т. д. Изд-во Политехнического университета
Дата издания, распространения и т.д. 2018
215 ## - ФИЗИЧЕСКАЯ ХАРАКТЕРИСТИКА
Специфическое обозначение материала и объем 534 с.
Другие сведения о физической характеристике ил., табл.
Размеры 21
300 ## - ОБЩИЕ ПРИМЕЧАНИЯ
Текст примечания На обл. загл. также на англ. яз.
300 ## - ОБЩИЕ ПРИМЕЧАНИЯ
Текст примечания Часть текста англ.
320 ## - ПРИМЕЧАНИЯ О НАЛИЧИИ В ДОКУМЕНТЕ БИБЛИОГРАФИИ / УКАЗАТЕЛЯ
Текст примечания Библиогр. в конце ст.
606 1# - НАИМЕНОВАНИЕ ТЕМЫ КАК ПРЕДМЕТ
Наименование темы Инновационная деятельность
Формальный подзаголовок Съезды, совещания и т.п
Географический подзаголовок Российская Федерация
Системный номер авторитетной/нормативной записи 2101842
Идентификатор авторитетной/нормативной записи RU\NLR\AUTH\661271084
606 1# - НАИМЕНОВАНИЕ ТЕМЫ КАК ПРЕДМЕТ
Наименование темы Цифровая экономика
Формальный подзаголовок Съезды, совещания и т.п
Географический подзаголовок Российская Федерация
Системный номер авторитетной/нормативной записи 2664453
Идентификатор авторитетной/нормативной записи RU\NLR\AUTH\6601752480
686 1# - ИНДЕКСЫ ДРУГИХ КЛАССИФИКАЦИЙ
Индекс У9(2)-55я431
686 1# - ИНДЕКСЫ ДРУГИХ КЛАССИФИКАЦИЙ
Индекс У39(2)я431
702 #1 - ИМЯ ЛИЦА - ВТОРИЧНАЯ ОТВЕТСТВЕННОСТЬ
Код отношения Редактор
Начальный элемент ввода Бабкин
Часть имени, кроме начального элемента ввода А. В.
Дополнения к именам, кроме дат д-р экон. наук
Расширение инициалов личного имени Александр Васильевич
Системный номер авторитетной/нормативной записи 155720
Идентификатор авторитетной/нормативной записи RU\NLR\AUTH\770155759
711 12 - НАИМЕНОВАНИЕ ОРГАНИЗАЦИИ - АЛЬТЕРНАТИВНАЯ ОТВЕТСТВЕННОСТЬ
Начальный элемент ввода "Инновационные кластеры цифровой экономики: драйверы развития", научно-практическая конференция с международным участием
Порядковый номер временной организации и / или порядковый номер ее части 9
Место проведения временной организации Санкт-Петербург
Дата проведения временной организации 2018
Системный номер авторитетной/нормативной записи 623702
Идентификатор авторитетной/нормативной записи RU\NLR\AUTH\880481576
712 02 - НАИМЕНОВАНИЕ ОРГАНИЗАЦИИ - ВТОРИЧНАЯ ОТВЕТСТВЕННОСТЬ
Код отношения Прочие
Начальный элемент ввода Санкт-Петербургский политехнический университет Петра Великого
Структурное подразделение Институт промышленного менеджмента, экономики и торговли
-- Высшая инженерно-экономическая школа
Системный номер авторитетной/нормативной записи 623626
Идентификатор авторитетной/нормативной записи RU\NLR\AUTH\880481539
712 02 - НАИМЕНОВАНИЕ ОРГАНИЗАЦИИ - ВТОРИЧНАЯ ОТВЕТСТВЕННОСТЬ
Код отношения Прочие
Начальный элемент ввода Таджикский технический университет им. М. С. Осими
Идентифицирующий признак Душанбе
Системный номер авторитетной/нормативной записи 570356
Идентификатор авторитетной/нормативной записи RU\NLR\AUTH\880453374
712 02 - НАИМЕНОВАНИЕ ОРГАНИЗАЦИИ - ВТОРИЧНАЯ ОТВЕТСТВЕННОСТЬ
Код отношения Прочие
Начальный элемент ввода НИИ регионального развития Республики Казахстан
Идентифицирующий признак Караганда
Системный номер авторитетной/нормативной записи 623624
Идентификатор авторитетной/нормативной записи RU\NLR\AUTH\880481538
942 ## - ДОПОЛНИТЕЛЬНЫЕ ЭЛЕМЕНТЫ ЗАПИСИ (АБИС)
Тип экземпляра АБИС Книга
980 ## - КОЛЛЕКЦИЯ
Название коллекции Национальная библиография
980 ## - КОЛЛЕКЦИЯ
Название коллекции Национальная библиография
980 ## - КОЛЛЕКЦИЯ
Название коллекции НБР

Нет доступных экземпляров.